Financial Management (Record no. 8508)
[ view plain ]
| 000 -LEADER | |
|---|---|
| fixed length control field | 00370nam a22001337a 4500 |
| 008 - FIXED-LENGTH DATA ELEMENTS--GENERAL INFORMATION | |
| fixed length control field | 200220b ||||| |||| 00| 0 eng d |
| 020 ## - INTERNATIONAL STANDARD BOOK NUMBER | |
| International Standard Book Number | 9789353162184 |
| 100 ## - MAIN ENTRY--PERSONAL NAME | |
| Personal name | JAIN, P. K. |
| 245 ## - TITLE STATEMENT | |
| Title | Financial Management |
| Remainder of title | Text, Problems And Cases |
| 250 ## - EDITION STATEMENT | |
| Edition statement | 8th |
| Remainder of edition statement | August 11, 2018 |
| 260 ## - PUBLICATION, DISTRIBUTION, ETC. (IMPRINT) | |
| Place of publication, distribution, etc | New Delhi |
| Name of publisher, distributor, etc | McGraw Hill Education India |
| 700 ## - ADDED ENTRY--PERSONAL NAME | |
| Personal name | KHAN, M. Y. |
| 942 00 - ADDED ENTRY ELEMENTS (KOHA) | |
| Source of classification or shelving scheme | Dewey Decimal Classification |
| Withdrawn status | Lost status | Source of classification or shelving scheme | Damaged status | Not for loan | Collection code | Home library | Current library | Date acquired | Source of acquisition | Currency | Cost, normal purchase price | Bill Number | Total Checkouts | Full call number | Acc. no. / Barcode | Date last seen | Date last borrowed | Copy number | Actual Cost, discounted price | Bill Date | Koha item type | Checked out | Public note |
|---|---|---|---|---|---|---|---|---|---|---|---|---|---|---|---|---|---|---|---|---|---|---|---|
| Dewey Decimal Classification | MBA | PIET C-LIBRARY | PIET C-LIBRARY | 20/02/2020 | KIRTI PRAKASHAN NEW DELHI | IN Rupees | 875.00 | IN6389 | 1 | 658.15 KHF | 31700 | 11/03/2025 | 03/03/2025 | 1 | 595.00 | 11/02/2020 | Text Books | ||||||
| Dewey Decimal Classification | MBA | PIET C-LIBRARY | PIET C-LIBRARY | 20/02/2020 | KIRTI PRAKASHAN NEW DELHI | IN Rupees | 875.00 | IN6389 | 2 | 31701 | 13/01/2024 | 13/01/2024 | 2 | 595.00 | 11/02/2020 | Text Books | 11/07/2024 | . |